Bułgarscy sportowcy - nagła śmierć - Statystyki

Ogólne statystyki
  • Ten quiz został rozwiązany 42 razy
  • Średni wynik to 8 z 10
Answers on the Grid
Answers color-coded by a green-red scale on the quiz's grid according to % correct below.
Hristo Stoichkov
Petr Cech
Dimitar Berbatov
Oleksandr Usyk
Victoria Azarenka
Władimir Zografski
Daniil Medvedev
Aleksandyr Nikołow
Maria Sharapova
Marek Hamsik
Grigor Dimitrov
Terwel Pulev
Aleksandar Mitrovic
Matej Kazijski
Goran Pandev
Cwetan Genkow
Yelena Isinbayeva
Stefka Kostadinowa
Jelena Ostapenko
Simeon Nikołow
 
Statystyki odpowiedzi
Odpowiedź % Poprawnych
Hristo Stoichkov
97%
Dimitar Berbatov
94%
Władimir Zografski
89%
Aleksandyr Nikołow
86%
Grigor Dimitrov
86%
Simeon Nikołow
77%
Terwel Pulev
77%
Cwetan Genkow
71%
Stefka Kostadinowa
57%
Matej Kazijski
54%
Nie znaleziono quizów pasujących do podanych kryteriów
Rozkład punktacji
Procent ludzi z każdym wynikiem
Percentyl według liczby udzielonych odpowiedzi
Twoja historia wyników
Nie rozwiązałeś tego quizu